Vista normal
Vista MARC
Entrada Personal Name
Número de registros utilizados en: 1
001 - CONTROL NUMBER
- control field: 59475
003 - CONTROL NUMBER IDENTIFIER
- control field: Utea
005 - DATE AND TIME OF LATEST TRANSACTION
- control field: 20250923152129.0
008 - FIXED-LENGTH DATA ELEMENTS
- fixed length control field: 250923|| aca||aabn | a|a d
040 ## - CATALOGING SOURCE
- Original cataloging agency: Utea
- Transcribing agency: Utea
100 ## - HEADING--PERSONAL NAME
- Personal name: Jan Harmsen
670 ## - SOURCE DATA FOUND
- Source citation: Work cat.: (Utea)17344: Jonker Geral autor 59473, Ingeniería para la sostenibildad :, 2013